书目信息 |
| 题名: |
故宫博物院藏历代书法选集
|
|
| 作者: | 故宫博物院 编 | |
| 分册: | 第二集 唐李白上阳台帖 | |
| 出版信息: | 北京 文物出版社 1977 |
|
| 页数: | 全一册 | |
| 开本: | 29*23.5cm | |
| 丛书名: | ||
| 单 册: | ||
| 中图分类: | J292.2 | |
| 科图分类: | ||
| 主题词: | 书法--中国 , 篆刻--中国 | |
| 电子资源: | ||
| ISBN: | ||
| 000 | 00745nam0 2200229 450 | |
| 001 | 0639447593 | |
| 005 | 20061027111239.50 | |
| 010 | @b线装 | |
| 100 | @a20061027d1977 km y0chiy0120 ea | |
| 101 | 0 | @achi |
| 102 | @aCN@b110000 | |
| 200 | 1 | @a故宫博物院藏历代书法选集@h第二集@h二@i唐李白上阳台帖@Agu gong bo wu yuan cang li dai shu fa xuan ji@f故宫博物院编@Fgu gong bo wu yuan bian |
| 210 | @a北京@c文物出版社@d1977 | |
| 215 | @a全一册@c摹真@d29*23.5cm | |
| 300 | @a第一至第十四册为一函,共一函 | |
| 517 | 1 | @a唐李白上阳台帖@Atang li bai shang yang tai tie |
| 606 | 0 | @a书法@x中国 |
| 606 | 0 | @a篆刻@x中国 |
| 690 | @aJ292.2@v3 | |
| 701 | 0 | @a故宫博物院@Agu gong bo wu yuan@4编 |
| 801 | 0 | @aCN@bPFT@c20061027 |
| 905 | @a10447@dJ292.2@e1:2(10) | |
| 故宫博物院藏历代书法选集.第二集.二.唐李白上阳台帖/故宫博物院编.-北京:文物出版社,1977 |
| 全一册:摹真;29*23.5cm |
| 第一至第十四册为一函,共一函 |
| ISBN (线装): |
| ● |
| 相关链接 |
|
|
|
|
正题名:故宫博物院藏历代书法选集
索取号:J292.2/1:2(10)
 
预约/预借
| 序号 | 登录号 | 条形码 | 馆藏地/架位号 | 状态 | 备注 |
| 1 | 0223413 | 202431779 | 古籍典藏专区/ [索取号:J292.2/1:2(10)] | 在馆 |